000 00304nas a2200121 4500
005 20211029125808.0
008 211029b ||||| |||| 00| 0 eng d
022 _a0973-2586
040 _c
245 _aJournal of creative communications
260 _aSage Publicatioons
_bJuly 2021
942 _2ddc
_cPR
999 _c220284
_d220284